[Event "Moscow Open 2009 C"]
[Site "?"]
[Date "2009.02.08"]
[Round "9.51"]
[White "Budueva, Kristina"]
[Black "Grabovets, Nadezhda"]
[Result "1-0"]
[WhiteElo "1400"]
[BlackElo "1974"]
[Annotator ""]
[Source ""]
[Remark ""]

1.e4 e5 2.Nf3 d6 3.d4 exd4 4.Nxd4 Nf6 5.Nc3 Be7 6.Bc4 O-O 7.O-O
c6 8.Re1 b5 9.Bd3 b4 10.Nce2 c5 11.Nf3 Bb7 12.Ng3 Nbd7 13.Nf5
Nb6 14.e5 dxe5 15.Nxe7+ Qxe7 16.Nxe5 Qd8 17.Bg5 h6 18.Bh4 Qd5
19.Bf1 Qxd1 20.Raxd1 g5 21.Bg3 Ne4 22.Nd3 Nxg3 23.fxg3 Na4 24.Re5
f6 25.Re6 a5 26.b3 Nc3 27.Ra1 Bd5 28.Rd6 c4 29.Nc5 cxb3 30.cxb3
Kg7 31.Bc4 Rad8 32.Rxd5 Nxd5 33.Ne6+ Kf7 34.Nxf8 Kxf8 35.Rd1
Ke7 36.Rxd5 1-0

[Event "Moscow Open 2009 C"]
[Site "?"]
[Date "2009.02.08"]
[Round "9.52"]
[White "Chernichenko, Olga"]
[Black "Khobotova, Olesia"]
[Result "1-0"]
[WhiteElo "1400"]
[BlackElo "1971"]
[Annotator ""]
[Source ""]
[Remark ""]

1.e4 d5 2.exd5 Qxd5 3.Nc3 Qd6 4.d4 Nf6 5.Nf3 a6 6.Be2 Nc6 7.Be3
Bg4 8.Qd2 e6 9.h3 Bf5 10.Nh4 Bg6 11.Nxg6 hxg6 12.Bf3 O-O-O 13.O-O-O
Nb4 14.Bf4 Qd7 15.a3 Nbd5 16.Nxd5 Nxd5 17.Be5 Qa4 18.c3 Bd6 19.Rhe1
Bxe5 20.Rxe5 Qc4 21.Bxd5 Rxd5 22.Qf4 Rxe5 23.Qxe5 f6 24.Qg3 g5
25.Re1 Rd8 26.Kb1 Qd5 27.Qg4 Rd6 28.Qe4 Qxe4+ 29.Rxe4 Kd7 30.Kc2
Rd5 31.Rg4 Rf5 32.f3 e5 33.Kd3 Ke6 34.Re4 Kd6 35.c4 exd4 36.Rxd4+
Ke6 37.Re4+ Kf7 38.b4 a5 39.Kd4 axb4 40.axb4 b5 41.cxb5 Rxb5
42.Kc4 c6 43.Re3 Rd5 44.Rd3 Re5 45.Rd6 Re2 46.Rxc6 Rc2+ 47.Kd5
Rd2+ 48.Kc5 Rxg2 49.b5 Rc2+ 50.Kd6 Rd2+ 51.Kc7 Ke7 52.b6 Rd7+
53.Kb8 Rd8+ 54.Ka7 Rd3 55.b7 Ra3+ 56.Ra6 Rb3 57.b8Q Rxb8 58.Kxb8 1-0

[Event "Moscow Open 2009 C"]
[Site "?"]
[Date "2009.02.08"]
[Round "9.53"]
[White "Kazennova, Daria"]
[Black "Golban, Ludmila"]
[Result "0-1"]
[WhiteElo "1964"]
[BlackElo "1400"]
[Annotator ""]
[Source ""]
[Remark ""]

1.e4 c5 2.Nf3 e6 3.d4 cxd4 4.Nxd4 a6 5.Nc3 Qc7 6.Be2 b5 7.O-O
Bb7 8.a3 Nf6 9.Qd3 Nc6 10.Nxc6 dxc6 11.Bg5 Rd8 12.Qe3 Be7 13.Bd3
e5 14.a4 b4 15.Ne2 O-O 16.Ng3 Bc8 17.a5 c5 18.b3 Ng4 19.Qd2 c4
20.bxc4 f6 21.Be3 Nxe3 22.Qxe3 Bc5 23.Qe2 Bd4 24.Ra2 Qc5 25.Nf5
Rf7 26.Nxd4 Rxd4 27.Rb1 Be6 28.Rab2 Bxc4 29.Rxb4 Bxd3 30.Rb8+
Rf8 31.cxd3 Rdd8 32.Qa2+ Kh8 33.R8b3 Rc8 34.g3 Rfd8 35.Qa3 Qd4
36.Rc1 Ra8 37.Qc5 h5 38.Qxd4 Rxd4 39.Rc4 Rd6 40.Kf1 Rad8 41.Ke2
R8d7 42.Rc5 Kh7 43.f4 exf4 44.gxf4 g6 45.Ke3 Kg7 46.Rc8 Kf7 47.Rcb8
Rc6 48.R8b6 Rc2 49.Rb2 Rc3 50.R6b3 Rdxd3+ 0-1

[Event "Moscow Open 2009 C"]
[Site "?"]
[Date "2009.02.08"]
[Round "9.54"]
[White "Gavrjuchenkova, Angelina"]
[Black "Kaurova, Anna"]
[Result "1-0"]
[WhiteElo "1934"]
[BlackElo "1400"]
[Annotator ""]
[Source ""]
[Remark ""]

1.e4 e5 2.Nc3 Nf6 3.Bc4 Nc6 4.d3 d6 5.f4 Be7 6.Nf3 a6 7.a3 b5
8.Ba2 Bb7 9.O-O O-O 10.f5 h6 11.Qe1 Nb8 12.Qg3 Kh7 13.Qh3 Kg8
14.Qg3 Kh8 15.Nh4 Nxe4 16.Nxe4 Bxh4 17.Qg4 Bxe4 18.Qxe4 Nd7 19.Rf3
Bg5 20.Bxg5 Qxg5 21.Bxf7 Nb6 22.Be6 Rab8 23.Rg3 Qe7 24.Rf1 Na4
25.b4 c5 26.Rg6 Rf6 27.Rxf6 gxf6 28.Qh4 Qg7 29.Rf3 Qg5 30.Qe1
cxb4 31.Qxb4 Qc1+ 32.Kf2 Qxc2+ 33.Kg3 Qc5 34.Qh4 Qc1 35.Qxf6+
Kh7 36.Qg6+ Kh8 37.Qf6+ Kh7 38.Qf7+ Kh8 39.f6 Qg5+ 40.Kh3 Nc5
41.Rf5 Nxe6 42.Qxe6 Qg6 43.g3 Re8 44.Qd7 Rf8 45.Kg2 Rxf6 46.Qc8+
Kg7 47.Rxf6 Kxf6 48.Qf8+ Ke6 49.Qc8+ Kd5 50.Qxa6 Qxd3 51.Qb7+
Kc4 52.Qa6 Kb3 53.h4 Ka2 54.a4 Qd2+ 55.Kh3 b4 56.a5 b3 57.Qb5
e4 58.a6 Qc2 59.a7 Qc8+ 60.Kh2 b2 61.Qa4+ Kb1 62.a8Q Qc3 63.Q8xe4+
Kc1 64.Qf4+ Kb1 65.Qd1+ Qc1 66.Qe4+ Ka2 67.Qda4# 1-0

[Event "Moscow Open 2009 C"]
[Site "?"]
[Date "2009.02.08"]
[Round "9.55"]
[White "Yashchenko, Olena"]
[Black "Beliaeva, Natalia"]
[Result "0-1"]
[WhiteElo "1400"]
[BlackElo "2004"]
[Annotator ""]
[Source ""]
[Remark ""]

1.d4 c6 2.c4 d6 3.Nc3 Nf6 4.Bf4 Bf5 5.e3 Nbd7 6.Nf3 Qa5 7.Bd3
Bxd3 8.Qxd3 e5 9.dxe5 dxe5 10.Bg3 e4 11.Qc2 exf3 12.gxf3 Bb4
13.O-O Bxc3 14.bxc3 O-O 15.e4 Ne5 16.Rab1 b6 17.f4 Nxc4 18.e5
Nh5 19.Qe2 Nxg3 20.hxg3 b5 21.Rbc1 Qc7 22.Kg2 Rad8 23.Rh1 c5
24.Qe4 g6 25.Rh6 Kg7 26.Rch1 Rh8 27.f5 Qxe5 28.Qh4 Qxf5 29.Rxh7+
Rxh7 30.Qxh7+ Kf6 31.Qh4+ Qg5 0-1

[Event "Moscow Open 2009 C"]
[Site "?"]
[Date "2009.02.08"]
[Round "9.56"]
[White "Shangarayeva, Daiana"]
[Black "Frolova, Ekaterina"]
[Result "1-0"]
[WhiteElo "1871"]
[BlackElo "1948"]
[Annotator ""]
[Source ""]
[Remark ""]

1.e4 c5 2.Nf3 d6 3.c4 Nf6 4.Nc3 e5 5.g3 Nc6 6.Bg2 Be7 7.O-O O-O
8.d3 a6 9.a3 Rb8 10.Rb1 b5 11.cxb5 axb5 12.b4 Ba6 13.Bg5 Ne8
14.Bxe7 Qxe7 15.Nh4 Nd4 16.f4 exf4 17.Rxf4 Qe5 18.Nd5 g5 19.Nf3
Nxf3+ 20.Rxf3 Ng7 21.Nf6+ Kh8 22.Nd7 Qe6 23.Nxb8 Rxb8 24.Qd2
f6 25.Rbf1 Ne8 26.Rf5 cxb4 27.axb4 Bc8 28.R5f2 Bd7 29.Qa2 Qxa2
30.Rxa2 Ng7 31.Rxf6 Ne8 32.Rf1 Kg8 33.Ra7 Be6 34.Rfa1 Bf7 35.Ra8
Rxa8 36.Rxa8 Kg7 37.Rb8 Kf6 38.Rxb5 1-0

[Event "Moscow Open 2009 C"]
[Site "?"]
[Date "2009.02.08"]
[Round "9.57"]
[White "Khabalonova, Tamara"]
[Black "Chukhlantseva, Anna"]
[Result "0-1"]
[WhiteElo "1943"]
[BlackElo "1842"]
[Annotator ""]
[Source ""]
[Remark ""]

1.e4 c5 2.c3 d5 3.Nf3 dxe4 4.Qa4+ Nc6 5.Qxe4 Nf6 6.Qe3 e6 7.Bb5
Bd7 8.O-O Bd6 9.Rd1 O-O 10.h3 Nd5 11.Qe1 Qf6 12.Na3 a6 13.Be2
e5 14.d3 Qg6 15.Nh4 Qf6 16.Nf3 h6 17.Nc4 Bc7 18.Ne3 Nf4 19.Kh2
Nxe2 20.Qxe2 e4+ 21.g3 exf3 22.Qf1 Be6 23.Qe1 Qg6 24.Nc2 Bxh3
25.Qe4 Qh5 26.Kg1 Bg4 27.Ne3 f5 28.Qd5+ Kh8 29.Nxg4 Qxg4 30.Kh2
Rad8 0-1

[Event "Moscow Open 2009 C"]
[Site "?"]
[Date "2009.02.08"]
[Round "9.58"]
[White "Lezhepekova, Veronika"]
[Black "Kisteneva, Liza"]
[Result "1-0"]
[WhiteElo "1917"]
[BlackElo "1790"]
[Annotator ""]
[Source ""]
[Remark ""]

1.e4 c5 2.Nc3 Nc6 3.Nf3 a6 4.d4 cxd4 5.Nxd4 e6 6.Nb3 Nf6 7.a3
Be7 8.Bf4 d6 9.Qd2 b5 10.Rd1 e5 11.Bg5 h6 12.Bxf6 gxf6 13.Nd5
Bf8 14.f4 h5 15.f5 Bb7 16.Be2 Rc8 17.O-O Nb8 18.Na1 Nd7 19.Bf3
Nc5 20.Qf2 h4 21.Rfe1 Na4 22.c3 Nc5 23.Nc2 Bxd5 24.Rxd5 Qc7 25.Rdd1
Nd7 26.Nb4 Qb7 27.Nd5 Be7 28.Kh1 Nc5 29.Re3 Qa7 30.Qe2 Na4 31.Bh5
Nxb2 32.Bxf7+ Kxf7 33.Qxb2 Rc4 34.Qe2 Qb8 35.Red3 Rc6 36.Rh3
Rc4 37.Qg4 Qg8 38.Rxh4 Qxg4 39.Rxg4 Rh7 40.Rb1 Ra4 41.Rb3 Rh5
42.h3 Bd8 43.Kg1 Ke8 44.Kf2 Kd7 45.Kf3 Rh8 46.h4 Kc6 47.g3 Kc5
48.Rg6 a5 49.Ne3 Rh7 50.Rg8 Bc7 51.Rf8 Rh6 52.Rc8 Rh7 53.Nd5
Kc6 54.Nxf6 Rf7 55.Nd5 Kb7 56.Rxc7+ Rxc7 57.Rxb5+ Kc6 58.Nxc7
Kxc7 59.Rb3 Kd7 60.g4 1-0

[Event "Moscow Open 2009 C"]
[Site "?"]
[Date "2009.02.08"]
[Round "9.59"]
[White "Nagornaya, Polina"]
[Black "Shikunova, Oksana"]
[Result "1-0"]
[WhiteElo "1907"]
[BlackElo "1400"]
[Annotator ""]
[Source ""]
[Remark ""]

1.e4 e6 2.d4 d5 3.exd5 exd5 4.c4 dxc4 5.Bxc4 Nc6 6.Nf3 Nf6 7.O-O
Bg4 8.Qb3 Qd7 9.Re1+ Be7 10.Ne5 Qxd4 11.Bxf7+ Kf8 12.Qxb7 Rc8
13.Qxc6 Bd6 14.Nxg4 Nxg4 15.Qf3 Ne5 16.Rxe5 Qxe5 17.Be6+ Qf6
18.Qxf6+ gxf6 19.Bxc8 1-0

[Event "Moscow Open 2009 C"]
[Site "?"]
[Date "2009.02.08"]
[Round "9.60"]
[White "Forova, Tatiana"]
[Black "Polyanskaya, Natalia"]
[Result "0-1"]
[WhiteElo "1888"]
[BlackElo "1400"]
[Annotator ""]
[Source ""]
[Remark ""]

1.e4 e5 2.Nf3 Nc6 3.Bc4 Nf6 4.Ng5 d5 5.exd5 b5 6.Be2 Qxd5 7.O-O
Bb7 8.Nc3 Qd7 9.Bxb5 h6 10.Nf3 Bd6 11.Re1 O-O-O 12.Nxe5 Bxe5
13.Rxe5 Qd4 14.Re3 Ng4 15.Qe2 Nxe3 16.fxe3 Qh4 17.Ba6 Rd6 18.Bxb7+
Kxb7 19.d4 Re8 20.g3 Qh3 21.d5 Nd4 22.Qd1 Nf5 23.Qf3 Nh4 24.Qf1
Qxf1+ 25.Kxf1 Rf6+ 26.Ke2 Nf3 27.h4 Nd4+ 28.Kd3 Nf5 29.Ne4 Rg6
30.Bd2 Nxg3 31.Nxg3 Rxg3 32.Rf1 f6 33.Rf4 Rh3 34.c4 Re5 35.Kd4
Rh2 36.Bc3 Rh5 37.Kc5 R5xh4 38.Rf1 Rg2 39.Rd1 Re4 40.d6 Rg5+
41.Kb4 cxd6 42.Rxd6 Kc7 43.Ra6 Kb7 44.Rd6 a5+ 45.Kb3 Kc7 46.Ra6
Rxe3 47.Ka4 Re4 48.b3 h5 49.Bxa5+ Kb7 50.Rd6 h4 51.Bb4 h3 52.Rd2
Rh4 53.Bd6 Rg2 54.Rxg2 hxg2 55.Bc5 Rh1 0-1

[Event "Moscow Open 2009 C"]
[Site "?"]
[Date "2009.02.08"]
[Round "9.61"]
[White "Niks, Yana"]
[Black "Romanenko, Ksenija"]
[Result "0-1"]
[WhiteElo "1885"]
[BlackElo "1400"]
[Annotator ""]
[Source ""]
[Remark ""]

1.e4 e5 2.Nf3 Nc6 3.Bb5 a6 4.Ba4 Nf6 5.Qe2 b5 6.Bb3 Be7 7.c3
d6 8.h3 Be6 9.Bc2 d5 10.d3 d4 11.O-O O-O 12.Ng5 Nd7 13.Nxe6 fxe6
14.f4 Bc5 15.Kh1 exf4 16.Bxf4 Qh4 17.Qf2 Qxf2 18.Rxf2 dxc3 19.Bb3
Bxf2 20.Bxe6+ Kh8 21.Nxc3 Rxf4 22.Bxd7 Ne5 0-1

[Event "Moscow Open 2009 C"]
[Site "?"]
[Date "2009.02.08"]
[Round "9.62"]
[White "Vasiukova, Ekaterina"]
[Black "Butneva, Larisa"]
[Result "1-0"]
[WhiteElo "1762"]
[BlackElo "1875"]
[Annotator ""]
[Source ""]
[Remark ""]

1.d4 Nf6 2.c4 b6 3.Nc3 Bb7 4.d5 g6 5.e4 d6 6.Bg5 Bg7 7.Qd2 h6
8.Be3 Ng4 9.Bd4 Nf6 10.f4 c5 11.Bxf6 Bxf6 12.Nf3 Nd7 13.O-O-O
a6 14.Kb1 Qc7 15.Bd3 O-O-O 16.Rhe1 Rdg8 17.h4 Kb8 18.Re2 Bc8
19.Rde1 e5 20.g3 Qd8 21.Rh2 Nf8 22.fxe5 dxe5 23.Rf2 Qd6 24.Ng1
g5 25.h5 g4 26.Ref1 Bg5 27.Qd1 f6 28.Be2 Qd7 29.Qb3 Qd6 30.Na4
Ka7 31.Qd1 Nh7 32.Qd3 Rg7 33.Rg2 Rhg8 34.Qa3 Rb7 35.Nc3 Kb8 36.Qxa6
Ra7 37.Qxa7+ Kxa7 38.Nb5+ Kb8 39.Nxd6 1-0

[Event "Moscow Open 2009 C"]
[Site "?"]
[Date "2009.02.08"]
[Round "9.63"]
[White "Bylinkina, Anna"]
[Black "Dolgova, Tamara"]
[Result "0-1"]
[WhiteElo "1400"]
[BlackElo "1977"]
[Annotator ""]
[Source ""]
[Remark ""]

1.e4 e5 2.Nf3 Nc6 3.Bb5 Nf6 4.d3 d6 5.c3 Be7 6.O-O O-O 7.Re1
a6 8.Ba4 b5 9.Bb3 d5 10.exd5 Nxd5 11.Nxe5 Nxe5 12.Rxe5 c6 13.d4
Bd6 14.Re1 Qh4 15.g3 Qh3 16.Qf3 Bg4 17.Qg2 Qh5 18.Bxd5 cxd5 19.Be3
Bf3 20.Qf1 f5 21.h3 f4 22.g4 Qg6 23.Bc1 Rae8 24.Rxe8 Rxe8 25.Nd2
Bxg4 26.hxg4 Qxg4+ 27.Qg2 Qd1+ 28.Nf1 Qh5 29.Qh2 Qf5 30.Qh4 Qg6+
31.Kh2 f3+ 32.Ng3 Qc2 33.Kg1 Re1+ 34.Nf1 Qg6+ 35.Qg5 Qxg5+ 36.Bxg5
Rxa1 0-1

[Event "Moscow Open 2009 C"]
[Site "?"]
[Date "2009.02.08"]
[Round "9.65"]
[White "Braun, Elina"]
[Black "Chadaeva, Tatiana"]
[Result "1-0"]
[WhiteElo "1880"]
[BlackElo "1400"]
[Annotator ""]
[Source ""]
[Remark ""]

1.e4 e5 2.Nf3 Nc6 3.d4 exd4 4.Nxd4 Bc5 5.Be3 Qf6 6.c3 Nge7 7.Bc4
Ne5 8.Be2 N7c6 9.O-O O-O 10.Kh1 Ng6 11.f4 Nxd4 12.cxd4 Bb6 13.f5
Nh8 14.Nc3 c6 15.e5 Qe7 16.f6 gxf6 17.Rxf6 Ng6 18.Bd3 d5 19.Qh5
Bd8 20.Raf1 Qe8 21.R6f3 f6 22.Bh6 Bd7 23.Bxf8 Qxf8 24.Bxg6 hxg6
25.Qxg6+ Qg7 26.Qxg7+ Kxg7 27.exf6+ 1-0

[Event "Moscow Open 2009 C"]
[Site "?"]
[Date "2009.02.08"]
[Round "9.66"]
[White "Urbanaites, Elvira"]
[Black "Karimova, Karina"]
[Result "1-0"]
[WhiteElo "1857"]
[BlackElo "1400"]
[Annotator ""]
[Source ""]
[Remark ""]

1.b4 e6 2.Bb2 Nf6 3.a3 d5 4.e3 b6 5.Nf3 Nbd7 6.c4 dxc4 7.Bxc4
Bb7 8.d3 Be7 9.Nbd2 O-O 10.O-O c5 11.b5 Qc7 12.e4 e5 13.Qb3 a6
14.a4 Ne8 15.bxa6 Bxa6 16.Bd5 Ra7 17.Nc4 Bf6 18.Ne3 Bb7 19.Ng4
h5 20.Ne3 Nd6 21.Rfc1 Rfa8 22.d4 exd4 23.Bxd4 Bxd4 24.Nxd4 Bxd5
25.Nxd5 Qb7 26.Nf3 Nxe4 27.Nf4 Nef6 28.Re1 Nb8 29.Re5 g6 30.Nxg6
Nc6 31.Rg5 Kh7 32.Nf4 Kh6 33.Rf5 Ne4 34.Rxh5+ Kg7 35.Qb2+ Kf8
36.Rh8+ Ke7 37.Rxa8 Rxa8 38.Nd5+ Kd8 39.Rd1 Kc8 40.Qxb6 Qd7 41.Qxc5
Nxc5 42.Nb6+ Kd8 43.Rxd7+ Nxd7 44.Nxa8 Kc8 45.Ng5 Nd8 46.a5 Kb7
47.Nb6 1-0

[Event "Moscow Open 2009 C"]
[Site "?"]
[Date "2009.02.08"]
[Round "9.68"]
[White "Skakun, Valentina"]
[Black "Ulyanovskaya, Tamara"]
[Result "1-0"]
[WhiteElo "1700"]
[BlackElo "1400"]
[Annotator ""]
[Source ""]
[Remark ""]

1.d4 Nf6 2.c4 g6 3.Nc3 e6 4.e4 d6 5.Be2 Bg7 6.Nf3 Nc6 7.Bg5 Qd7
8.h4 b6 9.Bxf6 Bxf6 10.h5 Bb7 11.hxg6 fxg6 12.O-O O-O-O 13.d5
Ne5 14.Nxe5 Bxe5 15.Bg4 Qe7 16.Bxe6+ Kb8 17.Qd3 h5 18.b4 h4 19.a4
Bc8 20.Bxc8 Kxc8 21.Ra3 Qf6 22.Qh3+ Kb8 23.a5 Bxc3 24.Rxc3 g5
25.Ra3 Qf4 26.axb6 cxb6 27.Rfa1 Rh7 28.c5 b5 29.Qd3 Rdd7 30.Qxb5+
Rb7 31.Qe8+ Kc7 32.Qc6+ Kb8 33.cxd6 Qxe4 34.Rc1 Qg4 35.Qe8+ 1-0

[Event "Moscow Open 2009 C"]
[Site "?"]
[Date "2009.02.08"]
[Round "9.69"]
[White "Badzhieva, Giliana"]
[Black "Kaydanovich, Marina"]
[Result "1-0"]
[WhiteElo "1400"]
[BlackElo "1843"]
[Annotator ""]
[Source ""]
[Remark ""]

1.e4 e5 2.f4 exf4 3.Nf3 h6 4.Bc4 d6 5.O-O Nc6 6.d4 g5 7.Nc3 Bg7
8.h3 Nge7 9.Nd5 Ng6 10.c3 O-O 11.b4 a6 12.a4 Na7 13.b5 a5 14.b6
cxb6 15.Qd3 Be6 16.Rb1 Bxd5 17.Bxd5 Nc6 18.Bc4 Rc8 19.Ba3 h5
20.e5 d5 21.Bb5 Re8 22.c4 g4 23.cxd5 gxf3 24.dxc6 bxc6 25.Bc4
fxg2 26.Rf2 Nf8 27.Bd6 Ne6 28.Rxg2 Qh4 29.Qf5 f3 30.Bd3 Qxd4+
31.Rf2 Nf8 32.Qxf3 Rxe5 33.Qxf7+ Kh8 34.Bxe5 Qxe5 35.Bc4 Nh7
36.Qg6 Qg5+ 37.Rg2 Bd4+ 38.Kh1 Qxg6 39.Rxg6 Nf8 40.Rh6+ Kg7 41.Rxh5
Kg6 42.Rh4 Bc5 43.Rf1 Rd8 44.Rg4+ Kh7 45.h4 Ng6 46.Bb3 Ne5 47.Bc2+
Kh6 48.Rg5 Nd7 49.Rf7 Nf8 50.Rf6+ 1-0

[Event "Moscow Open 2009 C"]
[Site "?"]
[Date "2009.02.08"]
[Round "9.70"]
[White "Martynenko, Anastasia"]
[Black "Pylaeva, Ekaterina"]
[Result "1/2-1/2"]
[WhiteElo "1400"]
[BlackElo "1676"]
[Annotator ""]
[Source ""]
[Remark ""]

1.c4 Nf6 2.Nc3 e6 3.d4 Bb4 4.Bd2 O-O 5.Nf3 b6 6.g3 Bb7 7.Bg2
d6 8.O-O Nbd7 9.a3 Bxc3 10.Bxc3 Ne4 11.Qd3 Nxc3 12.Qxc3 Nf6 13.Rfd1
Ne4 14.Qc2 Qf6 15.e3 Rab8 16.b4 c5 17.Rab1 cxb4 18.axb4 Rfc8
19.Rdc1 h5 20.b5 d5 21.Qa4 dxc4 22.Rxc4 Nd6 23.Rxc8+ Rxc8 24.Ne5
Bxg2 25.Kxg2 Ne4 26.Rf1 Nd2 27.Rd1 Ne4 28.Rf1 Nd2 29.Rd1 Ne4
30.Rf1 1/2-1/2

[Event "Moscow Open 2009 C"]
[Site "?"]
[Date "2009.02.08"]
[Round "9.72"]
[White "Vanchikova, Dulma"]
[Black "Vasiukova, Renata D"]
[Result "0-1"]
[WhiteElo "1799"]
[BlackElo "1574"]
[Annotator ""]
[Source ""]
[Remark ""]

1.e4 c6 2.Nf3 d6 3.h3 a6 4.Nc3 h6 5.Bc4 Be6 6.Bb3 Nd7 7.Nd4 Bxb3
8.Nxb3 g5 9.d3 Bg7 10.Ne2 Ngf6 11.c3 e5 12.Ng3 Bf8 13.Be3 Qc7
14.Qf3 O-O-O 15.Nh5 Be7 16.O-O-O c5 17.Nd2 b5 18.Kb1 a5 19.Nxf6
Bxf6 20.Rc1 Kb7 21.Qd1 Ra8 22.b4 Rhb8 23.a3 c4 24.dxc4 bxc4 25.Nf3
Kc8 26.Qd5 Nc5 27.Ka2 Ne6 28.Nd2 Nf4 29.g3 Nxd5 0-1

[Event "Moscow Open 2009 C"]
[Site "?"]
[Date "2009.02.08"]
[Round "9.73"]
[White "Yakimova, Taisia V"]
[Black "Shmyreva, Tatiana"]
[Result "0-1"]
[WhiteElo "1529"]
[BlackElo "1400"]
[Annotator ""]
[Source ""]
[Remark ""]

1.d4 d5 2.c4 c6 3.e3 Nf6 4.Nc3 Nbd7 5.Nf3 a6 6.a4 Qc7 7.cxd5
cxd5 8.Bd3 e5 9.dxe5 Nxe5 10.Nxe5 Qxe5 11.f4 Qc7 12.O-O Bg4 13.Qe1
Bd7 14.h3 Qc5 15.Kh2 Bd6 16.Bd2 O-O 17.Qf2 Qa7 18.Na2 Bxa4 19.Nc3
Bc6 20.Nb5 Bxb5 21.Bxb5 Ne4 22.Qe1 Qb6 23.Bd3 Nxd2 24.Qxd2 Bc5
25.Rfe1 Rae8 26.Qc2 Bxe3 27.Bxh7+ Kh8 28.Bd3 Bxf4+ 29.Kh1 Be3
30.Qe2 d4 31.Qh5+ Qh6 32.Qd5 Re7 33.Qb3 b5 34.Qc2 Re5 35.b4 Rh5
36.Bf1 f5 37.Qc5 Rf6 38.Qc8+ Kh7 39.Ra2 Qg6 40.Rxe3 dxe3 41.Qd8
Rd6 42.Qa8 Rh6 43.Qf3 Qe6 44.g3 Rd2 45.Rxd2 exd2 0-1